| 000 | 00712nam a2200229 a 4500 | ||
|---|---|---|---|
| 003 | PILC | ||
| 005 | 20150112093431.0 | ||
| 008 | 100719s19uu xx 00 eng d | ||
| 020 | _a0340705310 | ||
| 050 |
_aTX 911.3.T73 _b.L55 1983 |
||
| 082 |
_aHSF 642.619 _bL62 1983 |
||
| 100 |
_aLillicrap, Dennis _911105 |
||
| 245 |
_aFood and beverage service / _cDennnis Lilicrap, John Cousins and Robert Smith |
||
| 250 | _a5th ed. | ||
| 260 |
_aEuston Road, London : _bHodder & Stoughton Educational, _c1983. |
||
| 300 |
_a433 pages : _billustration ; _c25 cm. |
||
| 650 |
_aFood service _911106 |
||
| 650 |
_aBeverage _911107 |
||
| 700 |
_aCousins, John _911108 |
||
| 700 |
_aSmith, Robert _98914 |
||
| 942 |
_2lcc _cBK |
||
| 999 |
_c14393 _d14393 |
||